[Event "Test Tournament"]
[Site "Emanuel Lasker Arena"]
[Date "2024.04.09"]
[Round "6"]
[White "Klaus Junge"]
[Black "NicholasRenzi"]
[Result "0-1"]
[WhiteElo "1620"]
[BlackElo "2016"]
[Annotator "RC"]
[PlyCount "74"]
[EventDate "2024.04.09"]
[EventType "swiss (blitz)"]
[TimeControl "60"]

1. e4 {[%emt 0:00:01]} e5 {[%emt 0:00:01]} 2. Nf3 {[%emt 0:00:01]} Nc6 {[%emt 0:00:01]} 3. Bb5 {[%emt 0:00:01]} a6 {[%emt 0:00:01]} 4. Ba4 {[%emt 0:00:01]} Nf6 {[%emt 0:00:01]} 5. O-O {[%emt 0:00:01]} Be7 {[%emt 0:00:01]} 6. Re1 {[%emt 0:00:01]} b5 {[%emt 0:00:01]} 7. Bb3 {[%emt 0:00:01]} O-O {[%emt 0:00:01]} 8. c3 {[%emt 0:00:01]} d6 {[%emt 0:00:01]} 9. d4 {[%emt 0:00:01]} Bg4 {[%emt 0:00:01]} 10. Be3 {[%emt 0:00:01]} exd4 {[%emt 0:00:01]} 11. cxd4 {[%emt 0:00:01]} Na5 {[%emt 0:00:01]} 12. h3 {[%emt 0:00:01]} Nxb3 {[%emt 0:00:01]} 13. axb3 {[%emt 0:00:01]} Bh5 {[%emt 0:00:01]} 14. Bf4 {[%emt 0:00:01]} c5 {[%emt 0:00:01]} 15. g4 {[%emt 0:00:04]} Qd7 {[%emt 0:00:10]} 16. Nc3 {[%emt 0:00:01]} b4 {[%emt 0:00:03]} 17. e5 {[%emt 0:00:04]} bxc3 {[%emt 0:00:01]} 18. exf6 {[%emt 0:00:01]} Bxf6 {[%emt 0:00:01]} 19. gxh5 {[%emt 0:00:01]} cxb2 {[%emt 0:00:01]} 20. Ra5 {[%emt 0:00:04]} Qxh3 {[%emt 0:00:03]} 21. Bxd6 {[%emt 0:00:01]} cxd4 {[%emt 0:00:02]} 22. Qd3 {[%emt 0:00:01]} Rfe8 {[%emt 0:00:02]} 23. Be5 {[%emt 0:00:03]} h6 {[%emt 0:00:02]} 24. Rb1 {[%emt 0:00:03]} Rac8 {[%emt 0:00:02]} 25. Re1 {[%emt 0:00:02]} Rc3 {[%emt 0:00:02]} 26. Qd2 {[%emt 0:00:02]} Qxf3 {[%emt 0:00:02]} 27. Qxb2 {[%emt 0:00:01]} Qh3 {[%emt 0:00:02]} 28. Qd2 {[%emt 0:00:02]} Rd3 {[%emt 0:00:01]} 29. Bxf6 {[%emt 0:00:03]} Qg4+ {[%emt 0:00:01]} 30. Kf1 {[%emt 0:00:01]} Rxd2 {[%emt 0:00:01]} 31. Rxe8+ {[%emt 0:00:01]} Kh7 {[%emt 0:00:01]} 32. Ra1 {[%emt 0:00:01]} gxf6 {[%emt 0:00:01]} 33. b4 {[%emt 0:00:01]} Qf3 {[%emt 0:00:01]} 34. Rf8 {[%emt 0:00:01]} Kg7 {[%emt 0:00:01]} 35. Rxa6 {[%emt 0:00:01]} Rxf2+ {[%emt 0:00:01]} 36. Kg1 {[%emt 0:00:01]} Qg3+ {[%emt 0:00:01]} 37. Kh1 {[%emt 0:00:01]} Rh2# {[%emt 0:00:01] (Lag: Av=0.11s, max=0.9s)} 0-1

[Event "Test Tournament"]
[Site "Emanuel Lasker Arena"]
[Date "2024.04.09"]
[Round "6"]
[White "Melancholia"]
[Black "Daenerys"]
[Result "1-0"]
[WhiteElo "1620"]
[BlackElo "1922"]
[Annotator "RC"]
[PlyCount "23"]
[EventDate "2024.04.09"]
[EventType "swiss (blitz)"]
[TimeControl "60"]

1. d4 {[%emt 0:00:02]} d5 {[%emt 0:00:01]} 2. c4 {[%emt 0:00:01]} dxc4 {[%emt 0:00:01]} 3. Nf3 {[%emt 0:00:01]} a6 {[%emt 0:00:01]} 4. e3 {[%emt 0:00:01]} b5 {[%emt 0:00:02]} 5. b3 {[%emt 0:00:01]} Qxd4 {[%emt 0:00:08]} 6. Qxd4 {[%emt 0:00:02]} c5 {[%emt 0:00:01]} 7. Qd5 {[%emt 0:00:04]} cxb3 {[%emt 0:00:01]} 8. Qxa8 {[%emt 0:00:01]} e5 {[%emt 0:00:01]} 9. Qxb8 {[%emt 0:00:01]} Ne7 {[%emt 0:00:04]} 10. axb3 {[%emt 0:00:01]} h5 {[%emt 0:00:03]} 11. Rxa6 {[%emt 0:00:04]} f5 {[%emt 0:00:03]} 12. Bxb5+ {[%emt 0:00:01] Daenerys resigns (Lag: Av=0.30s, max=1.3s)} 1-0